Every 100,000+ city in India: Chhattisgarh - Statistics

General Stats
  • This quiz has been taken 14 times
  • The average score is 7 of 10
Answer Stats
Letter Population City % Correct
R 1,821,049 Raipur
100%
B 1,440,086 Bhilai
86%
B 830,495 Bilaspur
71%
D 551,307 Durg
71%
K 413,097 Korba
71%
A 309,736 Ambikapur
57%
J 114,880 Jagdalpur
57%
R 180,603 Raigarh
57%
R 217,650 Rajnandgaon
57%
D 122,502 Dhamtari
43%
No matching quizzes found
Score Distribution
Percent of People with Each Score
Percentile by Number Answered
Your Score History
You have not taken this quiz